|
|
|
|
| LEADER |
01196nam a2200277 a 4500 |
| 001 |
16761 |
| 003 |
BD-DhAAL |
| 008 |
130722s1999 enk b 001 0 eng d |
| 999 |
|
|
|c 13698
|d 13698
|
| 010 |
|
|
|a 99051918
|
| 020 |
|
|
|a 9840515047
|
| 040 |
|
|
|a DLC
|c DLC
|d DLC
|d BD-DhAAL.
|
| 082 |
0 |
0 |
|a 330.122
|2 21
|
| 100 |
1 |
|
|a MacEwan, Arthur.
|9 40308
|
| 245 |
1 |
0 |
|a Neo-liberalism or democracy? economic strategy, markets, and alternatives for the 21st century /
|c Arthur MacEwan.
|
| 260 |
|
|
|a London ;
|a New York :
|b Zed Books,
|c 1999.
|
| 300 |
|
|
|a vi, 255 pages ;
|c 23 cm.
|
| 504 |
|
|
|a Includes bibliographical references (pages [237]-247) and index.
|
| 541 |
|
|
|e 00027241
|
| 650 |
|
0 |
|a Free enterprise.
|9 40309
|
| 650 |
|
0 |
|a Liberalism.
|9 40310
|
| 650 |
|
0 |
|a Democracy.
|9 40311
|
| 852 |
1 |
|
|a BRAC Institute of Governance and Development
|c General Stacks
|
| 942 |
|
|
|2 ddc
|c BK
|
| 952 |
|
|
|0 0
|1 0
|2 ddc
|4 0
|6 330_122000000000000_MAC
|7 0
|9 22939
|a IGS
|b IGS
|c GEN
|d 2013-07-24
|e Paragon Enterprises Ltd.
|g 381.00
|l 0
|o 330.122 MAC
|p 3010027241
|r 2013-07-24
|t 1
|w 2013-07-24
|y BK
|
| 952 |
|
|
|0 0
|1 0
|2 ddc
|4 0
|6 330_122000000000000_MAC
|7 0
|9 43673
|a IGS
|b IGS
|c GEN
|d 2007-11-29
|g 450.00
|l 0
|o 330.122 MAC
|p 3010016761
|r 2014-09-04
|t 2
|w 2014-09-04
|y BK
|